| 000 | 00681cam a2200205 a 4500 | ||
|---|---|---|---|
| 001 | 000006167 | ||
| 005 | 20200929151946.0 | ||
| 008 | 880401s1986 pr 000 p spa | ||
| 040 |
_aDO-SdBNP _bspa _cBNPHU |
||
| 082 |
_aPR861.44 _bM433r |
||
| 100 | 1 |
_aMatos Paoli, Francisco, _d1915-2000. _99173 |
|
| 245 | 1 | 0 |
_aRazón del humo / _cFrancisco Matos Paoli. |
| 260 |
_aSan Juan, Puerto Rico : _bMairena, _c1986. |
||
| 300 |
_a161 p. ; _c22 cm. |
||
| 590 | _aPerteneció a la biblioteca personal de Juan Isidro Jimenes Grullón | ||
| 650 | 4 |
_aPoesía puertorriqueña _91015 |
|
| 650 | 4 |
_aLiteratura puertorriqueña _9250 |
|
| 910 | _aValidado. Control de calidad MFF | ||
| 049 | _aBNGR | ||
| 999 |
_c5963 _d5963 |
||